Essentials of accounting. (6th ed.) (Record no. 62826)
[ view plain ]
| 000 -LEADER | |
|---|---|
| fixed length control field | 01411nam a2200229 a 4500 |
| 008 - FIXED-LENGTH DATA ELEMENTS--GENERAL INFORMATION | |
| fixed length control field | 120416s1987 ||||||||||||||||| || u |
| 020 ## - INTERNATIONAL STANDARD BOOK NUMBER | |
| International Standard Book Number | 0538014903 |
| 050 ## - LIBRARY OF CONGRESS CALL NUMBER | |
| Classification number | HF 5635 Ess |
| 100 ## - MAIN ENTRY--PERSONAL NAME | |
| Personal name | Carlson, Arthur E |
| 245 10 - TITLE STATEMENT | |
| Title | Essentials of accounting. (6th ed.) |
| 250 ## - EDITION STATEMENT | |
| Edition statement | 6th ed. |
| 260 ## - PUBLICATION, DISTRIBUTION, ETC. | |
| Place of publication, distribution, etc. | Cincinnati, Ohio |
| Name of publisher, distributor, etc. | South-Western |
| Date of publication, distribution, etc. | 1987 |
| 300 ## - PHYSICAL DESCRIPTION | |
| Extent | viii, 267p. : ill |
| 350 ## - | |
| -- | 0.00 |
| 650 #0 - SUBJECT ADDED ENTRY--TOPICAL TERM | |
| Topical term or geographic name entry element | ACCOUNTING--HANDBOOKS, MANUALS, ETC |
| 995 ## - | |
| -- | MAIN LIBRARY OPEN ACCESS |
| -- | 0.00 |
| -- | 005480 |
| -- | CBU-MAIN LIBRARY (Kitwe) |
| -- | 1 |
| -- | 18.60 |
| -- | HF 5635 Ess |
| -- | 3 |
| -- | AVAILABLE |
| -- | 005480 |
| -- | Main Library Open Access Collection |
| 995 ## - | |
| -- | ANNEX COLLECTION (Main Library) |
| -- | 0.00 |
| -- | 005478 |
| -- | CBU-MAIN LIBRARY (Kitwe) |
| -- | 3 |
| -- | 18.60 |
| -- | HF 5635 Ess |
| -- | 1 |
| -- | AVAILABLE |
| -- | 005478 |
| -- | Annex Low-Usage Collection |
| 995 ## - | |
| -- | MAIN LIBRARY OPEN ACCESS |
| -- | 0.00 |
| -- | 005479 |
| -- | CBU-MAIN LIBRARY (Kitwe) |
| -- | 2 |
| -- | 18.60 |
| -- | HF 5635 Ess |
| -- | 2 |
| -- | AVAILABLE |
| -- | 005479 |
| -- | Main Library Open Access Collection |
| 995 ## - | |
| -- | TEXTBOOKS (MIN.ENG.) |
| -- | 0.00 |
| -- | 3541 |
| -- | CBU-SCHOOL TEXTBOOK COLLECTIONS |
| -- | 1 |
| -- | 0.00 |
| -- | SCHOOL TEXTBOOK |
| -- | 1 |
| -- | AVAILABLE |
| -- | Aug 13, 2009 |
| -- | 3541 |
| -- | School Collections |
| 995 ## - | |
| -- | TEXTBOOKS (MIN.ENG.) |
| -- | 0.00 |
| -- | 03550 |
| -- | CBU-SCHOOL TEXTBOOK COLLECTIONS |
| -- | 1 |
| -- | 0.00 |
| -- | SCHOOL TEXTBOOK |
| -- | 5 |
| -- | AVAILABLE |
| -- | Aug 6, 2009 |
| -- | 03550 |
| -- | School Collections |
| 995 ## - | |
| -- | ANNEX COLLECTION (Main Library) |
| -- | 0.00 |
| -- | 005481 |
| -- | CBU-MAIN LIBRARY (Kitwe) |
| -- | 4 |
| -- | 18.60 |
| -- | HF 5635 Ess |
| -- | 4 |
| -- | AVAILABLE |
| -- | 005481 |
| -- | Annex Low-Usage Collection |
| 999 ## - | |
| -- | 62826 |
| -- | 62826 |
| Withdrawn status | Lost status | Source of classification or shelving scheme | Damaged status | Not for loan | Permanent Location | Current Location | Shelving location | Date acquired | Total Checkouts | Full call number | Barcode | Date last seen | Price effective from | Koha item type |
|---|---|---|---|---|---|---|---|---|---|---|---|---|---|---|
| CBU-MAIN LIBRARY, KITWE. | CBU-MAIN LIBRARY, KITWE. | 12/16/2022 | HF 5635 Ess | 005480 | 12/16/2022 | 12/16/2022 | MONOGRAPH | |||||||
| CBU-MAIN LIBRARY, KITWE. | CBU-MAIN LIBRARY, KITWE. | 12/16/2022 | HF 5635 Ess | 005478 | 12/16/2022 | 12/16/2022 | MONOGRAPH | |||||||
| CBU-MAIN LIBRARY, KITWE. | CBU-MAIN LIBRARY, KITWE. | 12/16/2022 | HF 5635 Ess | 005479 | 12/16/2022 | 12/16/2022 | MONOGRAPH | |||||||
| CBU-MAIN LIBRARY, KITWE. | CBU-MAIN LIBRARY, KITWE. | 12/16/2022 | SCHOOL TEXTBOOK | 3541 | 12/16/2022 | 12/16/2022 | MONOGRAPH | |||||||
| CBU-MAIN LIBRARY, KITWE. | CBU-MAIN LIBRARY, KITWE. | 12/16/2022 | SCHOOL TEXTBOOK | 03550 | 12/16/2022 | 12/16/2022 | MONOGRAPH | |||||||
| CBU-MAIN LIBRARY, KITWE. | CBU-MAIN LIBRARY, KITWE. | 12/16/2022 | HF 5635 Ess | 005481 | 12/16/2022 | 12/16/2022 | MONOGRAPH |